<?xml version="1.0" encoding="UTF-8"?>
<collection xmlns="http://www.loc.gov/MARC21/slim">
 <record>
  <leader>00901nam a22002297a 4500</leader>
  <controlfield tag="001">AAL6810</controlfield>
  <controlfield tag="003">BD-DhAAL</controlfield>
  <controlfield tag="005">20160207171803.0</controlfield>
  <controlfield tag="008">160207s    2003bg ||||| |||| 00| 0 ben d</controlfield>
  <datafield tag="020" ind1=" " ind2=" ">
   <subfield code="a">9848102268</subfield>
  </datafield>
  <datafield tag="040" ind1=" " ind2=" ">
   <subfield code="a">BD-DhAAL</subfield>
   <subfield code="c">BD-DhAAL</subfield>
  </datafield>
  <datafield tag="082" ind1=" " ind2=" ">
   <subfield code="a">954.92</subfield>
  </datafield>
  <datafield tag="100" ind1=" " ind2=" ">
   <subfield code="a">আলহেলাল, বশীর </subfield>
   <subfield code="9">17844</subfield>
  </datafield>
  <datafield tag="245" ind1=" " ind2=" ">
   <subfield code="a">ভাষা-আন্দোলনের সেই মোহনায় /</subfield>
   <subfield code="c">বশীর আলহেলাল</subfield>
  </datafield>
  <datafield tag="260" ind1=" " ind2=" ">
   <subfield code="a">ঢাকা :</subfield>
   <subfield code="b">সূচীপত্র, </subfield>
   <subfield code="c">২০০৩.</subfield>
  </datafield>
  <datafield tag="300" ind1=" " ind2=" ">
   <subfield code="a">১৭৫ পৃ. :</subfield>
   <subfield code="b">চিত্র ;</subfield>
   <subfield code="c">২২ সে.মি.</subfield>
  </datafield>
  <datafield tag="541" ind1=" " ind2=" ">
   <subfield code="e">6810</subfield>
  </datafield>
  <datafield tag="651" ind1=" " ind2=" ">
   <subfield code="a">Bangladesh </subfield>
   <subfield code="x"> History. </subfield>
   <subfield code="9">17845</subfield>
  </datafield>
  <datafield tag="651" ind1=" " ind2=" ">
   <subfield code="a">Bangladesh </subfield>
   <subfield code="9">17846</subfield>
  </datafield>
  <datafield tag="942" ind1=" " ind2=" ">
   <subfield code="2">ddc</subfield>
   <subfield code="c">BK</subfield>
  </datafield>
  <datafield tag="999" ind1=" " ind2=" ">
   <subfield code="c">36799</subfield>
   <subfield code="d">36799</subfield>
  </datafield>
  <datafield tag="952" ind1=" " ind2=" ">
   <subfield code="0">0</subfield>
   <subfield code="1">0</subfield>
   <subfield code="2">ddc</subfield>
   <subfield code="4">0</subfield>
   <subfield code="6">954_920000000000000_ALH</subfield>
   <subfield code="7">0</subfield>
   <subfield code="9">57914</subfield>
   <subfield code="a">SCL</subfield>
   <subfield code="b">SCL</subfield>
   <subfield code="c">GEN</subfield>
   <subfield code="d">2016-02-07</subfield>
   <subfield code="g">125.00</subfield>
   <subfield code="l">5</subfield>
   <subfield code="m">2</subfield>
   <subfield code="o">954.92 ALH</subfield>
   <subfield code="p">3020006810</subfield>
   <subfield code="r">2024-09-24</subfield>
   <subfield code="s">2024-09-23</subfield>
   <subfield code="t">1</subfield>
   <subfield code="w">2016-02-07</subfield>
   <subfield code="y">BK</subfield>
  </datafield>
 </record>
</collection>
